000 00809nmc a2200301 a 4500
003 AR-BaBNM
005 20251128211734.0
008 206020s2004 ||||||||||||||000 | spa||
020 _a84-8063-630-0
040 _cAR-BaBNM
100 1 _aStoll, Louise
245 1 0 _aSobre el aprender y el tiempo que requiere
_bimplicaciones para la escuela
250 _a1ª ed.
260 _aBarcelona
_bOctaedro
_c2004
300 0 _a220 p.
490 0 _aRepensar la educación
_vv. 20
650 4 _aPROCESO DE APRENDIZAJE
650 4 _aAPRENDIZAJE ESCOLAR
650 4 _aALUMNOS
650 4 _aDOCENTES
653 0 _aCOMUNIDAD DE APRENDIZAJE
700 1 _aFink, Dean
700 1 _aEarl, Lorna
800 1 _aSancho, Juana María
800 1 _aHernández, Fernando
942 _cBK
998 _cme-solo cat
999 _c20897
_d20897